| 000 | nam a22 a 4500 | ||
|---|---|---|---|
| 999 |
_c1532 _d1532 |
||
| 003 | AKMAL | ||
| 005 | 20170509165636.0 | ||
| 008 | 170509s1996 my 00 may d | ||
| 015 | _aM97-2650 | ||
| 020 |
_a9676106577 (kkt.): _cRM 10.00 |
||
| 040 |
_aAKMAL _cAKMAL |
||
| 049 | 0 | 0 | _aklpmal |
| 082 | 0 | 4 | _a306.874 MOH |
| 090 | 0 | 0 |
_a306.874 _bMOH |
| 090 | 2 | 0 |
_a306.874 _bMOH |
| 245 | 1 | 0 |
_aKecemerlangan mendidik anak / _cMohd Fadzilah Kamsah & Rahmat Ismail |
| 260 |
_aKuala Lumpur : _bUtusan Publications & Distributors, _c1996 |
||
| 300 | 0 | 0 |
_axi, 92ms. : _bil. ; _c21cm |
| 521 | _aPeringkat pembaca: Dewasa | ||
| 650 | 0 |
_aParenting _93051 |
|
| 650 | 0 |
_aParent and child _93067 |
|
| 700 | 0 |
_aRahmat Ismail _93068 |
|
| 942 |
_2ddc _cBOOK |
||